UNITAS INTERNATIONAL REVIEW OF ECUMENISM. INVERNO 1963. (Record n. 324512)

Dettagli MARC
000 -LEADER
fixed length control field 01639nas a2200277Ia 4500
001 - CONTROL NUMBER
control field R262-R5972
003 - CONTROL NUMBER IDENTIFIER
control field IT-CnALBA
008 - FIXED-LENGTH DATA ELEMENTS--GENERAL INFORMATION
fixed length control field 170116c99999999xx |||||||||||| ||und||
040 ## - CATALOGING SOURCE
Original cataloging agency IT-CnALBA
Transcribing agency IT-CnALBA
041 ## - LANGUAGE CODE
Language code of text/sound track or separate title INGLESE
999 ## - SYSTEM CONTROL NUMBERS (KOHA)
Koha Dewey Subclass [OBSOLETE] NO
100 ## - MAIN ENTRY--PERSONAL NAME
Personal name BOYER CAROLUS, SJ.
210 ## - ABBREVIATED TITLE
Abbreviated title UNITAS INTERNATIONAL REVIEW OF ECUMENISM
222 ## - KEY TITLE
Key title UNITAS INTERNATIONAL REVIEW OF ECUMENISM
245 #0 - TITLE STATEMENT
Title UNITAS INTERNATIONAL REVIEW OF ECUMENISM. INVERNO 1963.
250 ## - EDITION STATEMENT
Edition statement 1a ed.
260 ## - PUBLICATION, DISTRIBUTION, ETC. (IMPRINT)
Place of publication, distribution, etc. ROME
Name of publisher, distributor, etc. UNITAS ASSOCIATION
Date of publication, distribution, etc. 1963 [1° Ed.:1963 - Ed.Ling.Originale: 1963]
300 ## - PHYSICAL DESCRIPTION
Extent 76 p.
310 ## - CURRENT PUBLICATION FREQUENCY
Current publication frequency QUADRIMESTRALE
362 ## - DATES OF PUBLICATION AND/OR SEQUENTIAL DESIGNATION
Dates of publication and/or sequential designation Fascicolo: 4 / Anno: 15 (1963)
500 ## - GENERAL NOTE
General note TRADIZIONI APOSTOLICHE NON SCRITTE. VUCCINO A. EGRETIER S. N. M. KELLIHER AL. DOCUMENTI COMMENTI. ECUMENISMO E UNITÀ LIBRI E RIVISTE. TRADIZIONE E TRADIZIONI. POLE REGINALD, PER L'UNITÀ DELLA CHIESA. AMERICANI DI RITO ORTODOSSO. RELAZIONE TRA ROMA E COSTANTINOPOLI, DUE DOCUMENTI UNA LETTERA DI PAOLO VI AL PATRIARCATO ECUMENICO. ATENAGORA E IL VATICANO. RIVISTA INTERNAZIONALE.
501 ## - WITH NOTE
With note Società San Paolo EM - Piazza San Paolo, 14 - 12051 ALBA (CN) (non commercial uses only) ® Copyright 2017
520 ## - SUMMARY, ETC.
Summary, etc. TRADIZIONI APOSTOLICHE NON SCRITTE. VUCCINO A. EGRETIER S. N. M. KELLIHER AL. DOCUMENTI COMMENTI. ECUMENISMO E UNITÀ LIBRI E RIVISTE. TRADIZIONE E TRADIZIONI. POLE REGINALD, PER L'UNITÀ DELLA CHIESA. AMERICANI DI RITO ORTODOSSO. RELAZIONE TRA ROMA E COSTANTINOPOLI, DUE DOCUMENTI UNA LETTERA DI PAOLO VI AL PATRIARCATO ECUMENICO. ATENAGORA E IL VATICANO. RIVISTA INTERNAZIONALE.
650 ## - SUBJECT ADDED ENTRY--TOPICAL TERM
Topical term or geographic name as entry element ECCLESIOLOGIA
942 ## - ADDED ENTRY ELEMENTS (KOHA)
Koha item type RIVISTA
957 ## -
-- 1
999 ## - SYSTEM CONTROL NUMBERS (KOHA)
-- 1
Dati di copia
Withdrawn status Lost status Damaged status Not for loan Home library Current library Date acquired Total Checkouts Full call number Date last seen Price effective from Koha item type Public note
    Buone Condizioni Not For Loan ALBA - Biblioteca ALBA - Biblioteca 16/01/2017   R262-R5972 16/01/2017 16/01/2017 RIVISTA (data import: 16 gennaio 2017) - By Epidotti, Vaglietti.
CREDITS: SOCIETA' SAN PAOLO Via A.Severo, 58 - ROMA (RM) & PERIODICI SAN PAOLO SRL Via Giotto, 36 MILANO & CISF Via Giotto, 36 MILANO & EDIZIONI SAN PAOLO SRL,  Piazza Soncino, 5 CINISELLO BALSAMO (MI) -- ITALY